000
00240nam a2200097Ia 4500
001
653016
005
20250826154449.0
008
250824s9999 xx 000 0 und d
245
0
_a
OSMAN GAZİ
_c
YAVUZ BAHADIROĞLU
260
_b
NESİL YAYINLARI
999
_c
653016
_d
653016